Wastewater treatment and use in agriculture / (Record no. 19040)
[ view plain ]
| 000 -LEADER | |
|---|---|
| fixed length control field | 00550nam a2200193 a 4500 |
| 020 ## - INTERNATIONAL STANDARD BOOK NUMBER | |
| ISBN | 9251031355 |
| 040 ## - CATALOGING SOURCE | |
| Transcribing agency | DLC |
| 082 00 - DEWEY DECIMAL CLASSIFICATION NUMBER | |
| Classification number | 628 FOO 1992 C159 Or. |
| 100 1# - MAIN ENTRY--AUTHOR NAME | |
| Personal name | Pescod, M. B. |
| 245 10 - TITLE STATEMENT | |
| Title | Wastewater treatment and use in agriculture / |
| 260 ## - PUBLICATION, DISTRIBUTION, ETC. (IMPRINT) | |
| Place of publication | Rome : |
| Name of publisher | Food and Agriculture Organization of the United Nations, |
| Year of publication | 1992. |
| 300 ## - PHYSICAL DESCRIPTION | |
| Number of Pages | xiv, 125 p. : |
| Other physical details | ill. ; |
| Dimensions | 30 cm. |
| 650 #0 - SUBJECT ADDED ENTRY--TOPICAL TERM | |
| Topical Term | Sewage irrigation. |
| 650 #0 - SUBJECT ADDED ENTRY--TOPICAL TERM | |
| Topical Term | Fish ponds |
| 650 #0 - SUBJECT ADDED ENTRY--TOPICAL TERM | |
| Topical Term | Sewage |
| 650 #0 - SUBJECT ADDED ENTRY--TOPICAL TERM | |
| Topical Term | Sewage sludge as fertilizer. |
| 650 #0 - SUBJECT ADDED ENTRY--TOPICAL TERM | |
| Topical Term | Sewage disposal |
| 942 ## - ADDED ENTRY ELEMENTS (KOHA) | |
| Koha item type | ADB |
| 952 ## - LOCATION AND ITEM INFORMATION (KOHA) | |
| Withdrawn status [LOCAL, KOHA] | 0 |
| Koha item type | Source of acquisition | Lost status | Permanent Location | Current Location | Date acquired | Full call number |
|---|---|---|---|---|---|---|
| សៀវភៅភាសាអង់គ្លេស | A33043 | Library Block C | Library Block C | 2020-03-03 | 628 FOO 1992 C159 Or. |